00574 2200217 4500001002100000005001700021008004100038035002400079090001800103100002200121245004700143250001000190260002700200300002500227500002700252650002600279850001500305980001500320985000600335999001500341YOGYA-0209000000200520090227020507.0 ind  0010-020900000002005 a510.78bLon D aLongkutoy, John J aDasar-dasar programmingcJohn J. Longkutoy aCet.1 aJakartabMutiarac1983 a218 hlmbilusc21 cm aBibliografi : hlm. 218 aKomputerxPemrograman aYOPDYOG(B) a10-25-2005 a1 aA000004462